LEADER 02172nam1 2200397 i 450 001 SUN0061892 005 20160318114123.975 010 $d0.00 100 $a20071029g19751980 |0engc50 ba 101 $aeng 102 $aUS 105 $a|||| ||||| 200 1 $a*Methods of modern mathematical physics$fMichael Reed, Barry Simon 205 $aRev. and enl. ed 210 $aSan Diego$cAcademic$d1975-1980 215 $avolumi$cill$d24 cm. 463 1$1001SUN0061894$12001 $aˆ1: ‰Functional analysis$fMichael Reed, Barry Simon$v1$1205 $aRev. and enlar. ed$1210 $aSan Diego$cAcademic$d1980$1215 $aXV, 400 p.$d24 cm. 463 1$1001SUN0061896$12001 $aˆ2: ‰Fourier analysis, self-adjointness$fMichael Reed, Barry Simon$v2$1210 $aSan Diego$cAcademic$d1975$1215 $aXV, 361 p.$cill.$d24 cm. 463 1$1001SUN0062278$12001 $aˆ4: ‰Analysis of operators$fMichael Reed, Barry Simon$v4$1210 $aSan Diego$cAcademic$d1978$1215 $aXV, 396 p.$d24 cm. 606 $a47-XX$xOperator theory [MSC 2020]$2MF$3SUNC019759 606 $a42-XX$xHarmonic analysis on Euclidean spaces [MSC 2020]$2MF$3SUNC019851 606 $a47Fxx$xPartial differential operators [MSC 2020]$2MF$3SUNC022222 606 $a47B25$xLinear symmetric and selfadjoint operators (unbounded) [MSC 2020]$2MF$3SUNC022258 606 $a35R20$xOperator partial differential equations (= PDEs on finite-dimensional spaces for abstract space valued functions) [MSC 2020]$2MF$3SUNC022325 606 $a46F10$xOperations with distributions and generalized functions [MSC 2020]$2MF$3SUNC022657 606 $a46Nxx$xMiscellaneous applications of functional analysis [MSC 2020]$2MF$3SUNC024695 606 $a42A38$xFourier and Fourier-Stieltjes transforms and other transforms of Fourier type [MSC 2020]$2MF$3SUNC024732 620 $dSan Diego$3SUNL000041 700 1$aReed$b, Michael$3SUNV041699$041548 701 1$aSimon$b, Barry$3SUNV040280$041965 712 $aAcademic$3SUNV000123$4650 790 1$aReed, M. I.$zReed, Michael$3SUNV041700 801 $aIT$bSOL$c20201019$gRICA 912 $aSUN0061892 996 $aMethods of modern mathematical physics$9348465 997 $aUNICAMPANIA LEADER 00924nam0 22002411i 450 001 UON00212235 005 20231205103339.586 010 $a15-659-3617-5 100 $a20030730d1996 |0itac50 ba 101 $aeng 102 $aUS 105 $a|||| ||||| 200 1 $aˆA ‰Basic Introduction to Speech Perception$fJack Ryalls 210 $aSan Diego$cSingular Publishing Group$d1996. XI$d149 p. ; 23 cm. 606 $aPERCEZIONE UDITIVA$3UONC044517$2FI 676 $a152.1$cPercezione sensoria$v21 700 1$aRYALLS$bJack$3UONV127936$0683071 801 $aIT$bSOL$c20240220$gRICA 899 $aSIBA - SISTEMA BIBLIOTECARIO DI ATENEO$2UONSI 912 $aUON00212235 950 $aSIBA - SISTEMA BIBLIOTECARIO DI ATENEO$dSI PHON PHON 0523 $eSI EO 29717 5 0523 996 $aBasic Introduction to Speech Perception$91261238 997 $aUNIOR